Southville International School and Colleges
Your cart is empty.
  • Cart
  • Lists
    Public lists Eva Luna New books Lux_list list_1
    Your lists Log in to create your own lists
  • Log in to your account
  • Your cookies
  • Search history
Southville International School and Colleges
  • Advanced search
  • Recent comments
  • Most popular
  • Libraries

Log in to your account

Log in with GOOGLE


If you do not have an external account, but do have a local account, you can still log in:

  1. Home
  2. MARC view: Highway robbery /
Normal view MARC view ISBD view

Highway robbery / (Record no. 11590)

[ view plain ]
MARC details
000 -LEADER
fixed length control field 00487nam a22001817a 4500
003 - CONTROL NUMBER IDENTIFIER
control field OSt
005 - DATE AND TIME OF LATEST TRANSACTION
control field 20140310182305.0
008 - FIXED-LENGTH DATA ELEMENTS--GENERAL INFORMATION
fixed length control field 121116t xxu||||| |||| 00| 0 eng d
020 ## - INTERNATIONAL STANDARD BOOK NUMBER
International Standard Book Number 1869434447
050 ## - LIBRARY OF CONGRESS CALL NUMBER
Classification number PZ 7
Item number .W337 2000
082 ## - DEWEY DECIMAL CLASSIFICATION NUMBER
Classification number FIC
Item number W33h 2000
100 ## - MAIN ENTRY--PERSONAL NAME
Personal name Watson, Joy
9 (RLIN) 20693
245 ## - TITLE STATEMENT
Title Highway robbery /
Statement of responsibility, etc Joy Watson ; illustrated by Dylan Horrocks.
260 ## - PUBLICATION, DISTRIBUTION, ETC. (IMPRINT)
Place of publication, distribution, etc New York :
Name of publisher, distributor, etc Scholastic,
Date of publication, distribution, etc 2000.
300 ## - PHYSICAL DESCRIPTION
Extent 48 p. ;
Dimensions 20 cm.
942 ## - ADDED ENTRY ELEMENTS (KOHA)
Source of classification or shelving scheme Library of Congress Classification
Koha item type
Holdings
Withdrawn status Lost status Source of classification or shelving scheme Damaged status Home library Current library Shelving location Date acquired Total Checkouts Full call number Barcode Date last seen Copy number Price effective from Koha item type
    Library of Congress Classification   Luxembourg Library Luxembourg Library Fiction Section 09/17/2013   PZ 7 .W337 2000 18259 02/17/2015 1 09/17/2013 Books

Highway robbery /

APA

Watson J., . (2000). Highway robbery. New York: Scholastic.

Chicago

Watson Joy, . 2000. Highway robbery. New York: Scholastic.

Harvard

Watson J., . (2000). Highway robbery. New York: Scholastic.

MLA

Watson Joy, . Highway robbery. New York: Scholastic. 2000.

  • Place hold
  • Print
  • Cite
  • Add to your cart (remove)
  • Save record
    BIBTEX Dublin Core MARCXML MARC (non-Unicode/MARC-8) MARC (Unicode/UTF-8) MARC (Unicode/UTF-8, Standard) MODS (XML) RIS
  • More searches
    Search for this title in:
    Other Libraries (WorldCat) Other Databases (Google Scholar) Online Stores (Bookfinder.com) Open Library (openlibrary.org)

Exporting to Dublin Core...

SOUTHVILLE LIBRARY

Southville International School and Colleges Library

1281 Tropical Ave. Cor. Luxembourg St., BF Homes International, Las Pinas City

Tel. No. 8256374 / 252358 Loc. 117/146

Powered by Koha